| 000 | 00485nam a2200169 i 4500 | ||
|---|---|---|---|
| 001 | 98333 | ||
| 003 | ES-MaACL | ||
| 005 | 20230906182249.0 | ||
| 007 | t| | ||
| 008 | 050728s1913 fr ||||1| fre d | ||
| 100 | 1 |
_aMartin, Eugene. _977294 |
|
| 245 | 1 | 0 |
_aPsychologie de la volonte / _cpar Eugene Martin; préface de M. P. Malapart. |
| 260 |
_aParis : _bTours e Arrault, _c1913. |
||
| 300 |
_aIV, 176 p. ; _c18 cm. |
||
| 700 | 1 |
_aMalapert, M. P. _975689 |
|
| 852 |
_aES-MaACL _jF-11847 |
||
| 999 |
_c98333 _d98333 |
||